Stany USA - jednominutowy sprint - Statystyki

Ogólne statystyki
  • Ten quiz został rozwiązany 7 razy
  • Średni wynik to 18 z 50
Statystyki odpowiedzi
Stan % Poprawnych
Alaska
100%
Kalifornia
80%
Nowy Jork
80%
Waszyngton
80%
Floryda
60%
Hawaje
60%
Iowa
60%
Karolina Północna
60%
Karolina Południowa
60%
Maine
60%
Nevada
60%
Ohio
60%
Teksas
60%
Arizona
40%
Dakota Południowa
40%
Dakota Północna
40%
Delaware
40%
Georgia
40%
Idaho
40%
Illinois
40%
Luizjana
40%
Massachusetts
40%
Michigan
40%
Minnesota
40%
Missisipi
40%
Missouri
40%
Nowy Meksyk
40%
Oregon
40%
Alabama
20%
Arkansas
20%
Connecticut
20%
Indiana
20%
Kansas
20%
Kentucky
20%
Kolorado
20%
Maryland
20%
Montana
20%
Nebraska
20%
New Hampshire
20%
New Jersey
20%
Oklahoma
20%
Pensylwania
20%
Tennessee
20%
Utah
20%
Wirginia
20%
Rhode Island
0%
Vermont
0%
Wirginia Zachodnia
0%
Wisconsin
0%
Wyoming
0%
Nie znaleziono quizów pasujących do podanych kryteriów
Rozkład punktacji
Procent ludzi z każdym wynikiem
Percentyl według liczby udzielonych odpowiedzi
Twoja historia wyników
Nie rozwiązałeś tego quizu